| 000 | 00516cas a2200169u| 4500 | ||
|---|---|---|---|
| 082 |
_a620.1820287 _bAME _cL-36, P-16 |
||
| 110 | 2 |
_aAmerican Society for Testing Materials. _925223 |
|
| 245 | 1 | 0 | _aA. S. T. M. standards on copper and copper alloys. |
| 260 | _cPhiladelphia. | ||
| 300 | _ap. cm. | ||
| 526 |
_a0 _b0 _c0 _d620_182028700000000_AME |
||
| 590 | _aPREMARC/SERLOC merged record | ||
| 650 | 0 |
_aCopper alloys. [from old catalog] _941081 |
|
| 650 | 0 |
_aCopper. _940949 |
|
| 650 | 0 |
_aMCE _9379 |
|
| 942 |
_2ddc _cBK |
||
| 999 |
_c545276 _d545276 |
||